All Manchester City 2022-2023 Scorers - Statistics

General Stats
  • This quiz has been taken 154 times
  • The average score is 15 of 16
Answer Stats
Nationality Goals Player % Correct
Norway 52 (EPL-FA Cup-UCL) Erling Braut Haaland
100%
Belgium 10 (EPL-FA Cup-UCL) Kevin De Bruyne
100%
Portugal 7 (EPL-UCL) Bernardo Silva
98%
Germany 11 (EPL-FA Cup-UCL) Ikay Gundogan
98%
Switzerland 1 (UCL) Manuel Akanji
98%
England 15 (EPL-FA Cup-UCL) Phil Foden
98%
Algeria 15 (EPL-FA Cup-UCL) Riyad Mahrez
98%
Argentina 17 (EPL-FA Cup-UCL-Community Shield) Julian Alvarez
97%
Spain 4 (EPL-UCL) Rodri
97%
The Netherlands 3 (EPL-FA Cup) Nathan Aké
96%
Portugal 1 (UCL) Ruben Dias
96%
England 3 (EPL-UCL) John Stones
93%
England 5 (EPL) Jack Grealish
89%
Portugal 2 (EPL) Joao Cancelo
84%
England 1 (FA Cup) Cole Palmer
70%
England 1 (UCL) Rico Lewis
59%
No matching quizzes found
Score Distribution
Percent of People with Each Score
Percentile by Number Answered
Your Score History
You have not taken this quiz